Tratado de contabilidad agrícola ganadera

Salvato in:
Dettagli Bibliografici
Autore principale: Rhese, Carlos (Autore)
Natura: Libro
Lingua:spagnolo
Pubblicazione: Buenos Aires Selección Contable 1945
Soggetti:
Tags: Aggiungi Tag
Nessun Tag, puoi essere il primo ad aggiungerne!!

MARC

LEADER 00000nam a2200000 a 4500
001 UCQ0637
003 CL-VaPUC
008 980703e19450000AG |||||||||||||||||spa|d
082 0 4 |a 657.863  |b RHE  |2 21 
100 0 |a Rhese, Carlos  |e author  |9 413871 
245 1 0 |a Tratado de contabilidad agrícola ganadera 
300 |a  2 v 
942 |c BK 
945 |d 19980703 00:00:00  |a cmena 
260 |a Buenos Aires  |b Selección Contable  |c 1945 
650 0 |a Contabilidad   |9 261430 
650 0 |a Agricultura  |9 255598 
650 0 |a Ganadería  |9 264177 
650 7 |a AVICULTURA  |2 CL-VaPUC  |9 394633 
650 0 |a Fruticultura  |9 259678 
650 0 |a Estados de cuentas  |9 352305 
650 0 |a Administración financiera  |9 261146 
650 0 |a Operaciones administrativas  |9 335045 
583 |a last modification  |c 19980703 00:00:00  |k Rodrigo Vera 
999 |c 271675  |d 271673 
952 |0 0  |1 0  |4 0  |6 657_863000000000000_RHE_1945  |7 0  |8 A  |9 306403  |a BIBGIM  |b BIBGIM  |d 2019-11-20  |h v.1  |i 1428608  |o 657.863 RHE 1945  |p 1428608  |r 2025-01-15  |w 2019-11-20  |y BK  |k COM 
952 |0 0  |1 0  |4 0  |6 657_863000000000000_RHE_1945  |7 0  |8 A  |9 306404  |a BIBGIM  |b BIBGIM  |d 2019-11-20  |h v.2  |i 1428616  |o 657.863 RHE 1945  |p 1428616  |r 2025-01-15  |w 2019-11-20  |y BK  |k COM